Rihanna - Paroles Shut Up and Drive - Statistiques

Statistiques générales
  • Ce quiz a été pris 8 fois
  • Le résultat moyen est 352 sur 475
Statistiques - réponses
Hint Réponse % Correct
drive
100%
(Drive,
100%
drive,
100%
drive)
100%
I
100%
in
100%
So
100%
so
100%
a
88%
and
88%
And
88%
for
88%
for,
88%
for?
88%
I'm
88%
machine
88%
me,
88%
me
88%
my
88%
My
88%
on
88%
one,
88%
qualified
88%
shut
88%
Shut
88%
the
88%
then
88%
up
88%
who
88%
you
88%
You
88%
your
88%
all
75%
been
75%
Cadillac
75%
Can
75%
can,
75%
can
75%
Couplet 1 I've
75%
driver
75%
go,
75%
go
75%
Got
75%
got
75%
if
75%
If
75%
is
75%
Couplet 2 I've
75%
know,
75%
know
75%
look
75%
lookin'
75%
ready
75%
step
75%
that
75%
think
75%
to
75%
under
75%
we
75%
you're
75%
baby
63%
Baby,
63%
boy,
63%
'Cause
63%
Bridge 'Cause
63%
Don't
63%
explode,
63%
explode
63%
five
63%
Refrain Get
63%
(Get
63%
get
63%
handle
63%
hood
63%
into
63%
it,
63%
it)
63%
it's
63%
keys
63%
let
63%
like
63%
mean
63%
night
63%
now,
63%
Now
63%
point
63%
ride
63%
(Ride,
63%
ride,
63%
ride)
63%
run
63%
sixty
63%
smoother
63%
sorry
63%
speed
63%
supersonic
63%
than
63%
that's
63%
three
63%
waitin'
63%
wanna
63%
watch
63%
what
63%
where
63%
wish
63%
With
63%
with
63%
would
63%
zero
63%
boom
50%
Come
50%
curves?
50%
engine's
50%
feel
50%
inside
50%
keep
50%
lights?
50%
limousine
50%
of
50%
sayin'
50%
start
50%
stop,
50%
what's
50%
will,
50%
'57
38%
back
38%
class
38%
fine
38%
gangsta
38%
lean
38%
lot
38%
shot
38%
top
38%
even
25%
sunroof
25%
sure
25%
tuned
25%
ain't
13%
Ferrari,
13%
overdrive
13%
whole
13%
worried,
13%
aa
0%
huh,
0%
Maybach
0%
Aucun quiz correspondant
Distribution des résultats
% des personnes avec chaque résultat
Percentile par nombre de réponses
Votre historique - résultats
Vous n’avez pas pris ce quiz